000 00432nam a2200157 i 4500
001 21028
003 ES-MaACL
005 20230906152415.0
007 t|
008 021120s1923 fr ||||1| fre d
100 1 _aAftalion, Albert.
_918520
245 1 4 _aLes fondements du Socialisme
_b: etude critique /
_cAlbert Aftalion.
260 _aNiort :
_bTh Martin,
_c1923.
300 _aX, 310 p. ;
_c23 cm.
852 _aES-MaACL
_jF-1425
999 _c21028
_d21028